LEADER 00847nam0-22002891i-450- 001 990000134200403321 005 20111214112014.0 035 $a000013420 035 $aFED01000013420 035 $a(Aleph)000013420FED01 035 $a000013420 100 $a20020821d--------km-y0itay50------ba 101 0 $aita 105 $ay-------001yy 200 1 $aSui telegrafi italiani$ecenni monografici$fMinistero dei lavori pubblici. 210 $aRoma$cTipografia Eredi Botta$d1878 215 $aIX, 15 p., 1 tav.$cill.$d49 cm 610 0 $aTelegrafia$aItalia 676 $a384.1 710 02$aItalia.$bMinistero dei lavori pubblici$0285513 801 0$aIT$bUNINA$gRICA$2UNIMARC 901 $aBK 912 $a990000134200403321 952 $a13 AR 30 D 20$b9710$fFINBC 959 $aFINBC 996 $aSui telegrafi italiani$9114032 997 $aUNINA LEADER 01310nam--2200397---450- 001 990002812020203316 005 20100108120604.0 010 $a88-14-12298-9 035 $a000281202 035 $aUSA01000281202 035 $a(ALEPH)000281202USA01 035 $a000281202 100 $a20060913d2006----km-y0itay50------ba 101 $aita 102 $aIT 105 $a||||||||001yy 200 1 $aGeneralia delictorum$eil Tractatus criminalis di Tiberio Deciani e la "Parte generale" di diritto penale$fMichele Pifferi 210 $aMilano$cGiuffrè$d2006 215 $a468 p.$d22 cm 225 2 $aPer la storia del pensiero giuridico moderno$v66 410 0$12001$aPer la storia del pensiero giuridico moderno$v66 454 1$12001 461 1$1001-------$12001 600 0 $aDeciani,$bTiberio$xTractatus criminalis 676 $a345.450092 700 1$aPIFFERI,$bMichele$0501661 801 0$aIT$bsalbc$gISBD 912 $a990002812020203316 951 $aXXX.A. Coll. 92/ 52 (COLL ATK 66)$b50802 G.$cXXX.A. Coll. 92/ 52 (COLL ATK)$d00118657 959 $aBK 969 $aGIU 979 $aFIORELLA$b90$c20060913$lUSA01$h0852 979 $aFIORELLA$b90$c20060913$lUSA01$h0855 979 $aRSIAV3$b90$c20100108$lUSA01$h1206 996 $aGeneralia delictorum$9725947 997 $aUNISA